000 01155nmc a2200349 a 4500
003 AR-BaBNM
005 20251128205125.0
008 306019s1988 ||||||||||||||000 | spa||
020 _a968-16-2833-0
040 _cAR-BaBNM
100 1 _aFontenay, Elisabeth de
245 1 0 _aDiderot, o, El materialismo encantado
250 _a1ª ed.
260 _aMéxico, D.F.
_bFondo de Cultura Económica
_c1988
300 0 _a346 p.
490 0 _aBreviarios
_vv. 450
500 1 _aDesde el espíritu de la Resistencia y de la República Jacobina, desde De Gaulle a Saint-Just, pasando por los 40 tomos de Voltaire, la autora describe un preciso acercamiento a la obra y a la personalidad de uno de los pensadores franceses más importantes
600 1 4 _aDiderot, Denis
650 4 _aHISTORIA
650 4 _aFILOSOFIA
650 4 _aHISTORIA DE LAS IDEAS
650 4 _aSIGLO DIECIOCHO
650 4 _aMATERIALISMO
650 4 _aESCUELAS FILOSOFICAS
650 4 _aBIOGRAFIAS
650 4 _aHISTORIA MODERNA
651 4 _aFrancia
655 _aBIOGRAFIAS
700 1 _aMartín del Campo, Angelina
_etraductor
942 _cBK
998 _cEnrique
999 _c10076
_d10076